| 000 | 00680nam a2200205 i 4500 | ||
|---|---|---|---|
| 001 | 61336 | ||
| 003 | ES-MaACL | ||
| 005 | 20251109132632.0 | ||
| 007 | t| | ||
| 008 | 031111s1905 fr ||||1| fre d | ||
| 100 | 1 |
_aEurípides. _948332 |
|
| 245 | 1 | 0 |
_aSept tragédies d'Euripide / _ctexte grec, recension nouvelle, avec un commentaire critique et explicatif, une introduction et des notices par Henri Weil. |
| 250 | _a3eme ed. rem. | ||
| 260 |
_aParís : _b[s.n., _c1905] ( _fLahure) |
||
| 300 |
_aXXXVI, 805 p. ; _c24 cm. |
||
| 500 | _aTít. en caracteres griegos. | ||
| 700 | 1 |
_aWeil, Henri, _d1818-1909 _9116333 |
|
| 852 |
_aES-MaACL _jF-11786 |
||
| 999 |
_c61336 _d61336 |
||